00721nam a22001575i 4500001000700000003000900007005001700016008004100033040003000074100004400104245017600148260007200324300002100396610005000417852009600467167547ES-MaACL20230906213540.0981201s1887 sp |||| | spa d aCCPB | B bspa cCCPB | B1 aVilla y Martín, Santiago de la Villa.10aDiscursos leidos en la Real Academia de Medicina para la recepción Pública del Académico electo D. Santiago de la Villa y Martín, el día 18 de Diciembre de 1887. aMadrid : bEstablecimiento Tipográfico de Manuel Minuesa, c1887. a55 p. ; c27 cm.04aReal Academia Nacional de Medicina (España) aES-MaACLjT-450-F-7 z-- Enc. hol., falto de la cub. original z-- Enc. en un vol. facticio